000 00741nam a2200277Ia 4500
003 OSt
005 20220912151502.0
006 a|||||r|||| 00| 0
007 ta
008 220909b |||||||| |||| 00| 0 eng d
024 _a31315
037 _cTextual
040 _aCSL
_beng
_cCSL
041 _aeng
082 _aCN1, M3
100 _aGervams J L Ed.
245 0 _aNon-linear and collective phenomena in quantum physics
260 _aSingapore
_bWorld Scientific
_c1983
300 _a514p.
_ccm.
650 _a Quantum Theory
650 _aPhysics
700 _a Jacob M Ed.
700 _a Paris E Ed.
942 _hCN1, M3
_cTEXL
_2CC
999 _c69661
_d69661